[Event "Stuttgart-chB op"]
[Site "Ditzingen"]
[Date "2015.05.17"]
[Round "7"]
[White "Awiszus, Thomas"]
[Black "Gruenwald, Max"]
[Result "1-0"]
[WhiteElo "1619"]
[BlackElo "1560"]
[PlyCount "79"]
[EventDate "2015.05.17"]
[EventType "swiss"]
[EventRounds "7"]
[EventCountry "GER"]
[SourceTitle "EXT 2018"]
[Source "ChessBase"]
[SourceDate "2017.10.13"]
[SourceVersion "1"]
[SourceVersionDate "2017.10.13"]
[SourceQuality "1"]

1. d4 Nf6 2. Nf3 g6 3. Bf4 Bg7 4. e3 0-0 5. Bd3 Nh5 6. Bg3 Nxg3 7. hxg3 d6 8. Ng5 h6 9. Nf3 e5 10. c3 f5 11. Qb3+ Kh8 12. Nh4 g5 13. Ng6+ Kh7 14. Nxf8+ Qxf8 15. Nd2 Qe7 16. 0-0-0 e4 17. Bc2 Nc6 18. g4 a5 19. f3 a4 20. Qb5 Na7 21. Qe2 d5 22. Bxa4 Nc6 23. Bb3 Be6 24. gxf5 Bxf5 25. Bxd5 exf3 26. gxf3 Na5 27. e4 c6 28. Bc4 Nxc4 29. Qxc4 Be6 30. Qd3 Rxa2 31. Kb1 Qd8 32. Nc4 Ra4 33. Nd2 Qa8 34. c4 b5 35. d5 Ra2 36. e5+ Kh8 37. dxe6 Bxe5 38. Rxh6+ Kg8 39. Qh7+ Kf8 40. Qf7# 1-0

[Event "Stuttgart-chB op"]
[Site "Ditzingen"]
[Date "2015.05.15"]
[Round "3"]
[White "Gruenwald, Max"]
[Black "Hoch, Jannik"]
[Result "1-0"]
[WhiteElo "1560"]
[BlackElo "1325"]
[PlyCount "76"]
[EventDate "2015.05.17"]
[EventType "swiss"]
[EventRounds "7"]
[EventCountry "GER"]
[SourceTitle "EXT 2018"]
[Source "ChessBase"]
[SourceDate "2017.10.13"]
[SourceVersion "1"]
[SourceVersionDate "2017.10.13"]
[SourceQuality "1"]

1. e4 c5 2. b4 b6 3. Nf3 d6 4. bxc5 bxc5 5. Bc4 Nc6 6. d3 Rb8 7. Ng5 e6 8. 0-0 Be7 9. f4 Bf6 10. c3 Qa5 11. Qe1 Nd4 12. Rf2 Qa4 13. Be3 Nc2 14. Qd1 h6 15. Nf3 Qxc4 16. dxc4 Nxe3 17. Qxd6 Rb6 18. Qd3 Ng4 19. Rd2 Be7 20. Na3 N8f6 21. Nb5 0-0 22. e5 Nh7 23. h3 Rd8 24. Qe2 Rxd2 25. Qxd2 a6 26. Nd6 Nxe5 27. fxe5 f6 28. Nxc8 Rb7 29. Nxe7+ Rxe7 30. Qd8+ Kf7 31. Rd1 fxe5 32. Rd7 Nf6 33. Qxe7+ Kg6 34. Qxg7+ Kf5 35. Rf7 Ke4 36. Qxf6 Kd3 37. Qxe5 Kxc4 38. Rc7 Kd3 1-0

[Event "GER-ch U10"]
[Site "Magdeburg"]
[Date "2014.06.14"]
[Round "11"]
[White "Bardorz, Jana"]
[Black "Gruenwald, Max"]
[Result "0-1"]
[WhiteElo "1175"]
[BlackElo "1340"]
[PlyCount "102"]
[EventDate "2014.06.08"]
[EventType "swiss"]
[EventRounds "11"]
[EventCountry "GER"]
[SourceTitle "CBM 160 Extra"]
[Source "ChessBase"]
[SourceDate "2014.07.01"]
[SourceVersion "1"]
[SourceVersionDate "2014.07.01"]
[SourceQuality "1"]

1. e4 d5 2. exd5 Qxd5 3. Nc3 Qa5 4. d4 Nf6 5. Nf3 Bg4 6. h3 Bh5 7. Bd2 Qb6 8. Be2 Nc6 9. Na4 Bxf3 10. Nxb6 Bxe2 11. Qxe2 axb6 12. Bc3 0-0-0 13. 0-0-0 e6 14. g4 Bd6 15. g5 Bf4+ 16. Bd2 Nxd4 17. Qc4 b5 18. Qb4 Bxd2+ 19. Rxd2 Nd7 20. Rd3 c5 21. Rc3 Ne2+ 22. Kb1 Nxc3+ 23. Qxc3 c4 24. Qxg7 Nc5 25. Qxf7 Rd7 26. Qh5 Rhd8 27. a3 Ne4 28. Re1 Nd2+ 29. Kc1 c3 30. b3 Re7 31. f4 Rde8 32. Qg4 Kb8 33. h4 b4 34. a4 b5 35. axb5 Ra7 36. Kd1 e5 37. fxe5 Ra1+ 38. Ke2 Rxe5+ 39. Kf2 Raxe1 40. h5 Rf1+ 41. Kg3 Rg1+ 42. Kf4 Rxg4+ 43. Kxg4 Rxb5 44. g6 h6 45. Kh4 Rg5 46. Kh3 Kc7 47. Kh4 Kd6 48. Kh3 Ke5 49. Kh4 Kf4 50. Kh3 Nf3 51. g7 Rg3# 0-1

[Event "GER-ch U25 op-B"]
[Site "Oberhof"]
[Date "2013.05.22"]
[Round "6"]
[White "Ziegenfuss, Larissa"]
[Black "Gruenwald, Max"]
[Result "0-1"]
[WhiteElo "923"]
[BlackElo "1118"]
[PlyCount "56"]
[EventDate "2013.05.19"]
[EventType "swiss"]
[EventRounds "9"]
[EventCountry "GER"]
[SourceTitle "CBM 154 Extra"]
[Source "ChessBase"]
[SourceDate "2013.06.25"]
[SourceVersion "2"]
[SourceVersionDate "2013.06.25"]
[SourceQuality "1"]

1. e4 d5 2. exd5 Qxd5 3. Nc3 Qa5 4. d4 Nf6 5. Nf3 Bg4 6. h3 Qh5 7. Be2 Nc6 8. 0-0 Bd7 9. Ne5 Qh4 10. Nxd7 Nxd7 11. Be3 0-0-0 12. Bc4 Nde5 13. Nd5 Nxc4 14. Nc3 e5 15. b3 exd4 16. Qc1 N4e5 17. Bg5 Qh5 18. Bxd8 dxc3 19. Bg5 Nd4 20. Kh2 Nef3+ 21. Kh1 Nxg5 22. Qe1 Bb4 23. Rc1 Nxh3 24. Qe3 Ng5+ 25. Kg1 Ndf3+ 26. gxf3 Nxf3+ 27. Kg2 Qg4+ 28. Kh1 Qh3# 0-1

[Event "GER-ch U25 op-B"]
[Site "Oberhof"]
[Date "2013.05.21"]
[Round "5"]
[White "Gruenwald, Max"]
[Black "Schluckner, Paul Leopold"]
[Result "0-1"]
[WhiteElo "1118"]
[BlackElo "1259"]
[PlyCount "32"]
[EventDate "2013.05.19"]
[EventType "swiss"]
[EventRounds "9"]
[EventCountry "GER"]
[SourceTitle "CBM 154 Extra"]
[Source "ChessBase"]
[SourceDate "2013.06.25"]
[SourceVersion "2"]
[SourceVersionDate "2013.06.25"]
[SourceQuality "1"]

1. e4 e5 2. f4 d6 3. Nf3 Nc6 4. Nc3 Nf6 5. Bc4 Qe7 6. Qe2 Be6 7. Bb5 Bd7 8. Nd5 Qd8 9. Bxc6 Bxc6 10. fxe5 dxe5 11. Nxe5 Nxe4 12. Qxe4 Bxd5 13. Qe2 Qh4+ 14. g3 Qe7 15. d4 Bxh1 16. Bf4 0-0-0 0-1